| 000 | 01146cam a2200337Ii 4500 | ||
|---|---|---|---|
| 999 |
_c200435303 _d53515 |
||
| 001 | 200435303 | ||
| 003 | TR-AnTOB | ||
| 005 | 20220304132337.0 | ||
| 007 | ta | ||
| 008 | 080305s1982 tu b 001 0 tur d | ||
| 035 | _a(OCoLC)212815500 | ||
| 040 |
_aSULEY _beng _cSULEY _dOCLCQ _dOCLCF _dOCLCQ _dOCLCO _eTR-AnTOB |
||
| 041 | 0 | _atur | |
| 050 | 1 | 4 |
_aHB97.5 _b.D58 1982 |
| 090 |
_aHB97.5 _b.D58 1982 |
||
| 100 | 1 |
_aDivitçioğlu, Sencer, _d1927- _eauthor _961500 |
|
| 245 | 1 | 0 |
_aDeğer, üretim ve bölüşüm / _cSencer Divitçioğlu. |
| 246 | 1 | 3 | _aÜretim, değer ve bölüşüm. |
| 264 | 3 |
_aKırklareli : _bSermet Matbaası, _c1982. |
|
| 300 |
_aviii, 214 pages ; _btables, graphics ; _c24 cm |
||
| 336 |
_atext _btxt _2rdacontent |
||
| 337 |
_aunmediated _bn _2rdamedia |
||
| 338 |
_avolume _bnc _2rdacarrier |
||
| 504 | _aIncludes bibliographical references (pages : 207- 212) and index. | ||
| 650 | 7 |
_aMarksist ekonomi _2etuturkob _99600 |
|
| 650 | 7 |
_aMarxian economics. _2fast _0(OCoLC)fst01010951 |
|
| 650 | 7 |
_aPrices. _2fast _0(OCoLC)fst01076207 |
|
| 650 | 7 |
_aFiyatlar _2etuturkob _92302 |
|
| 942 |
_2lcc _cBK |
||